<?xml version="1.0" encoding="UTF-8"?>
<collection xmlns="http://www.loc.gov/MARC21/slim">
 <record>
  <leader>00488pamaa2200157   4500</leader>
  <controlfield tag="001">0000032951</controlfield>
  <controlfield tag="005">20051205090000.0</controlfield>
  <datafield tag="020" ind1="0" ind2="0">
   <subfield code="a">0073661562 </subfield>
  </datafield>
  <datafield tag="082" ind1=" " ind2=" ">
   <subfield code="a">320.973 AND 2000</subfield>
  </datafield>
  <datafield tag="090" ind1="0" ind2="0">
   <subfield code="a">D412 </subfield>
   <subfield code="b">AND 2000</subfield>
  </datafield>
  <datafield tag="100" ind1="1" ind2="0">
   <subfield code="a">ANDREWS </subfield>
  </datafield>
  <datafield tag="245" ind1="1" ind2="0">
   <subfield code="a">Voices of diversity : </subfield>
   <subfield code="b">twentiet-century perspectives on history and government  </subfield>
   <subfield code="c">Pat Andrews.</subfield>
  </datafield>
  <datafield tag="250" ind1="0" ind2="0">
   <subfield code="a">2nd ed.</subfield>
  </datafield>
  <datafield tag="260" ind1="0" ind2="0">
   <subfield code="a">United States: </subfield>
   <subfield code="b">Dushkin/McGraw-Hill, </subfield>
   <subfield code="c">2000.</subfield>
  </datafield>
  <datafield tag="300" ind1=" " ind2=" ">
   <subfield code="a">xii, 244p.; </subfield>
   <subfield code="c">23cm.</subfield>
  </datafield>
  <datafield tag="650" ind1="0" ind2="0">
   <subfield code="a">Politics -- </subfield>
   <subfield code="x">History -- </subfield>
   <subfield code="z">United States </subfield>
  </datafield>
 </record>
</collection>
